000 01318cam a22003495a 4500
003 EG-ScBUE
005 20220516104252.0
006 m||||fq||h 00| 0
008 090114s2008 enka f 001 0 eng d
020 _a9781405071444
040 _aEG-ScBUE
_beng
_erda
_cEG-ScBUE
_dEG-ScBUE
082 0 4 _a428.2
_bVIN
_222
100 1 _aVince, Michael,
_eauthor.
_939915
245 1 0 _aMacmillan English grammar in context,
_pIntermediate /
_cMichael Vince.
246 3 0 _aIntermediate
264 1 _aOxford :
_bMacmillan Education,
_c2008.
300 _a3 volumes :
_bcolor illustrations ;
_c25 cm +
_e1 CD
336 _2rdacontent
_atext
_btxt
336 _2rdacontent
_aspoken word
_bspw
337 _2rdamedia
_aunmediated
_bn
337 _2rdamedia
_aaudio
_bs
338 _2rdacarrier
_avolume
_bnc
338 _2rdacarrier
_aaudio disc
_bsd
500 _aIncludes index.
520 _aA grammar reference book that takes students from the traditional practice of grammar forms through topic based practice exercies.
650 7 _aEnglish language
_xStudy and teaching
_xForeign speakers
_vProblems, exercises, etc.
_2BUEsh
650 7 _aEnglish language
_xGrammar
_xStudy and teaching
_xForeign speakers.
_2BUEsh
651 _2BUEsh
653 _bHHUUEENN
_cJuly2019
655 _vReading book
_934232
942 _2ddc
_cBB
999 _c10340
_d10340